[Event "Puhajarve rap op 23rd"]
[Site "Puhajarve"]
[Date "2023.11.25"]
[Round "24"]
[White "Shirov, Alexei"]
[Black "Siemer, Tambet"]
[Result "1-0"]
[WhiteElo "2668"]
[BlackElo "2029"]
[PlyCount "49"]
[EventDate "2023.11.24"]
[EventType "tourn (rapid)"]
[EventRounds "33"]
[EventCountry "EST"]
[SourceTitle "CB49_2023"]
[SourceDate "2023.12.06"]
[SourceVersion "1"]
[SourceVersionDate "2023.12.06"]
[SourceQuality "1"]

1. e4 c6 2. d4 d5 3. e5 Bf5 4. h4 a6 5. g4 Bd7 6. h5 h6 7. Bh3 e6 8. f4 c5 9. Nf3 cxd4 10. 0-0 Nc6 11. Kg2 Qc7 12. Nbd2 Nge7 13. Nb3 0-0-0 14. Nbxd4 Nxd4 15. Nxd4 Nc6 16. Be3 Nxd4 17. Bxd4 Bc5 18. Rf3 Bxd4 19. Qxd4 Qxc2+ 20. Kg3 Kb8 21. Rc3 Qe2 22. Bf1 Qe4 23. Qb6 Bb5 24. Bxb5 d4 25. Bf1 1-0

[Event "Puhajarve rap op 23rd"]
[Site "Puhajarve"]
[Date "2023.11.25"]
[Round "22"]
[White "Siemer, Tambet"]
[Black "Krupenski, Igor"]
[Result "1/2-1/2"]
[WhiteElo "2029"]
[BlackElo "2255"]
[PlyCount "51"]
[EventDate "2023.11.24"]
[EventType "tourn (rapid)"]
[EventRounds "33"]
[EventCountry "EST"]
[SourceTitle "CB49_2023"]
[SourceDate "2023.12.06"]
[SourceVersion "1"]
[SourceVersionDate "2023.12.06"]
[SourceQuality "1"]

1. d4 Nf6 2. c4 e6 3. Nf3 d5 4. Nc3 Be7 5. e3 0-0 6. Be2 dxc4 7. Bxc4 c5 8. 0-0 a6 9. dxc5 Bxc5 10. a3 b5 11. Be2 Bb7 12. b4 Bd6 13. Bb2 Qe7 14. Qb3 Nbd7 15. Rfd1 Nb6 16. Rd2 Rac8 17. Rad1 Rfd8 18. Rd4 e5 19. R4d2 Nc4 20. Bxc4 bxc4 21. Qc2 e4 22. Nd4 Bxh2+ 23. Kxh2 Ng4+ 24. Kg1 Qh4 25. Kf1 Qe7 26. Kg1 1/2-1/2

[Event "EU-ch rapid"]
[Site "Tallinn"]
[Date "2019.12.05"]
[Round "2"]
[White "Siemer, Tambet"]
[Black "Cerveny, Martin"]
[Result "0-1"]
[WhiteElo "2128"]
[BlackElo "2432"]
[PlyCount "72"]
[EventDate "2019.12.05"]
[EventType "swiss"]
[EventRounds "13"]
[EventCountry "EST"]
[SourceTitle "CBM 193 Extra"]
[Source "ChessBase"]
[SourceDate "2020.01.31"]
[SourceVersion "1"]
[SourceVersionDate "2020.01.31"]
[SourceQuality "1"]

1. d4 d5 2. c4 c6 3. cxd5 cxd5 4. Nc3 Nc6 5. Nf3 Nf6 6. Bf4 Bf5 7. e3 e6 8. Ne5 Nxe5 9. Bxe5 Nd7 10. Qb3 Qb6 11. Bb5 Kd8 12. Qa4 Nxe5 13. dxe5 Bc5 14. 0-0 a6 15. b4 Bxe3 16. Nxd5 exd5 17. fxe3 Be6 18. Be2 Qxe3+ 19. Rf2 Qxe5 20. Rd1 Ke7 21. Bf3 Rhd8 22. Re2 Qc3 23. Bxd5 b5 24. Qb3 Qxb3 25. Bxb3 Rxd1+ 26. Bxd1 Rd8 27. Bb3 Rd4 28. a3 Rd3 29. Bxe6 fxe6 30. a4 bxa4 31. Re5 Rd5 32. Re2 a3 33. Ra2 Rd3 34. Kf1 Rb3 35. Ke1 Kd6 36. Kd1 Kd5 0-1

[Event "Puhajarve rap op 18th"]
[Site "Puhajarve"]
[Date "2017.11.26"]
[Round "30"]
[White "Siemer, Tambet"]
[Black "Kogan, Artur"]
[Result "0-1"]
[WhiteElo "2034"]
[BlackElo "2544"]
[PlyCount "56"]
[EventDate "2017.11.24"]
[EventType "tourn (rapid)"]
[EventRounds "35"]
[EventCountry "EST"]
[SourceTitle "CBM 181 Extra"]
[Source "ChessBase"]
[SourceDate "2017.12.12"]
[SourceVersion "1"]
[SourceVersionDate "2017.12.12"]
[SourceQuality "1"]

1. d4 Nf6 2. c4 c5 3. e3 g6 4. Nf3 Bg7 5. Nc3 0-0 6. Be2 d6 7. 0-0 Bf5 8. b3 Nc6 9. Bb2 cxd4 10. Nxd4 Nxd4 11. exd4 d5 12. Re1 Rc8 13. Bf1 Re8 14. Qd2 dxc4 15. bxc4 e5 16. d5 a6 17. f3 h5 18. Na4 e4 19. Rad1 Bd7 20. Nc3 Qb6+ 21. Kh1 e3 22. Qc1 h4 23. Be2 Nh5 24. Qc2 Bf5 25. Bd3 Bxd3 26. Rxd3 Nf4 27. Na4 Qb4 28. Rdxe3 Qxe1+ 0-1

[Event "Puhajarve rap op 18th"]
[Site "Puhajarve"]
[Date "2017.11.25"]
[Round "28"]
[White "Siemer, Tambet"]
[Black "Kveinys, Aloyzas"]
[Result "1/2-1/2"]
[WhiteElo "2034"]
[BlackElo "2545"]
[PlyCount "52"]
[EventDate "2017.11.24"]
[EventType "tourn (rapid)"]
[EventRounds "35"]
[EventCountry "EST"]
[SourceTitle "CBM 181 Extra"]
[Source "ChessBase"]
[SourceDate "2017.12.12"]
[SourceVersion "1"]
[SourceVersionDate "2017.12.12"]
[SourceQuality "1"]

1. d4 Nf6 2. c4 e6 3. Nf3 d5 4. g3 dxc4 5. Qa4+ Bd7 6. Qxc4 Bc6 7. Bg2 Bd5 8. Qc2 Be4 9. Qd1 c5 10. 0-0 Nbd7 11. Nc3 Bc6 12. Bf4 Qb6 13. dxc5 Nxc5 14. b3 Be7 15. Qc2 0-0 16. Rfd1 Rac8 17. Rac1 h6 18. Bd6 Bxd6 19. Rxd6 Nce4 20. Nxe4 Nxe4 21. Rd4 Nxf2 22. e3 Ng4 23. Rxg4 Qxe3+ 24. Kf1 Bxf3 25. Rc4 Rxc4 26. bxc4 Be2+ 1/2-1/2

[Event "Puhajarve rap op 18th"]
[Site "Puhajarve"]
[Date "2017.11.25"]
[Round "21"]
[White "Valgmae, Toomas"]
[Black "Siemer, Tambet"]
[Result "1-0"]
[WhiteElo "2270"]
[BlackElo "2034"]
[PlyCount "125"]
[EventDate "2017.11.24"]
[EventType "tourn (rapid)"]
[EventRounds "35"]
[EventCountry "EST"]
[SourceTitle "CBM 181 Extra"]
[Source "ChessBase"]
[SourceDate "2017.12.12"]
[SourceVersion "1"]
[SourceVersionDate "2017.12.12"]
[SourceQuality "1"]

1. d4 d5 2. c4 e6 3. Nc3 Nf6 4. Bg5 Be7 5. e3 0-0 6. Nf3 b6 7. Rc1 Bb7 8. Bd3 dxc4 9. Bxc4 c5 10. 0-0 cxd4 11. Nxd4 Nc6 12. Nxc6 Bxc6 13. Qe2 Ne4 14. Rfd1 Nxc3 15. Rxc3 Qe8 16. Bf4 Rd8 17. Rcd3 Rxd3 18. Qxd3 Qa8 19. f3 Bf6 20. Qe2 Rd8 21. b3 Rxd1+ 22. Qxd1 Qd8 23. Qxd8+ Bxd8 24. Bd6 b5 25. Bd3 f5 26. Bc5 a5 27. Kf2 Kf7 28. e4 fxe4 29. Bxe4 Bxe4 30. fxe4 Bf6 31. a4 bxa4 32. bxa4 Be5 33. h3 Ke8 34. Ke3 Kd7 35. Kd3 Kc6 36. Kc4 Bf6 37. Bf8 Be5 38. Be7 Bc7 39. Kd4 e5+ 40. Kc4 Bb6 41. Bg5 h5 42. Bd2 Bd8 43. Bc3 Bc7 44. Be1 Bd8 45. Bg3 Bc7 46. Bh4 Bb6 47. Be7 Bc7 48. Bf8 g6 49. Bg7 Bb8 50. Bf6 Bc7 51. Bg5 Bb8 52. Bd2 Bc7 53. Bc3 Kd6 54. Kb5 Bd8 55. Bb2 Ke6 56. Kc6 Be7 57. Bc1 Bb4 58. Be3 Kf6 59. Kd5 Bc3 60. Bc1 g5 61. g4 h4 62. Be3 Ke7 63. Bxg5+ 1-0

[Event "Puhajarve rap op 17th"]
[Site "Puhajarve"]
[Date "2016.11.27"]
[Round "31"]
[White "Ladva, Ottomar"]
[Black "Siemer, Tambet"]
[Result "0-1"]
[WhiteElo "2510"]
[BlackElo "1960"]
[PlyCount "96"]
[EventDate "2016.11.25"]
[EventType "tourn (rapid)"]
[EventRounds "35"]
[EventCountry "EST"]
[SourceTitle "EXT 2018"]
[Source "ChessBase"]
[SourceDate "2017.10.13"]
[SourceVersion "1"]
[SourceVersionDate "2017.10.13"]
[SourceQuality "1"]

1. Nf3 Nf6 2. c4 e6 3. g3 d5 4. d4 c6 5. Bg2 Bd6 6. 0-0 Nbd7 7. Nc3 0-0 8. Nd2 Re8 9. e4 dxe4 10. Ndxe4 Nxe4 11. Nxe4 Be7 12. Qc2 Nf6 13. Rd1 h6 14. Bf4 Nxe4 15. Qxe4 Bd7 16. Bf1 Bf8 17. h4 Qa5 18. Bd3 g6 19. Be5 h5 20. g4 f5 21. gxf5 exf5 22. Qg2 Kh7 23. Kh2 Rxe5 24. dxe5 Qxe5+ 25. Kh1 Re8 26. Be4 Bc8 27. Bf3 Qxb2 28. Re1 Rxe1+ 29. Rxe1 Qf6 30. Qg5 Qf7 31. Qf4 Be6 32. Be2 Bh6 33. Qe5 Bxc4 34. Bxc4 Qxc4 35. Qe7+ Bg7 36. Rd1 Qxa2 37. Rd7 Qa1+ 38. Kg2 b5 39. Rxa7 Qd4 40. Rd7 Qc3 41. Qe6 Qc4 42. Qxc4 bxc4 43. Rd6 c3 44. Rxc6 Be5 45. Rc5 Bf6 46. Rc7+ Kh6 47. Kg3 Be5+ 48. f4 Bxc7 0-1

[Event "Puhajarve rap op 17th"]
[Site "Puhajarve"]
[Date "2016.11.27"]
[Round "33"]
[White "Valgmae, Toomas"]
[Black "Siemer, Tambet"]
[Result "1-0"]
[WhiteElo "2270"]
[BlackElo "1960"]
[PlyCount "143"]
[EventDate "2016.11.25"]
[EventType "tourn (rapid)"]
[EventRounds "35"]
[EventCountry "EST"]
[SourceTitle "EXT 2018"]
[Source "ChessBase"]
[SourceDate "2017.10.13"]
[SourceVersion "1"]
[SourceVersionDate "2017.10.13"]
[SourceQuality "1"]

1. d4 e6 2. c4 d5 3. Nc3 Nf6 4. Bg5 Nbd7 5. e3 c6 6. cxd5 exd5 7. Nf3 Bd6 8. Bd3 0-0 9. Qc2 h6 10. Bh4 Re8 11. 0-0 Be7 12. Rab1 Ne4 13. Bg3 Nxg3 14. hxg3 Nb6 15. b4 Be6 16. a4 Rc8 17. Ne5 Nd7 18. f4 Nxe5 19. fxe5 Bg5 20. Qf2 Qd7 21. Ne2 Rf8 22. Nf4 Bg4 23. Rbc1 Bf5 24. Qc2 Bxd3 25. Qxd3 Qe7 26. Qd2 Rfe8 27. Rf3 f6 28. Nd3 fxe5 29. Nxe5 Bf6 30. Ng4 Bg5 31. Rcf1 Rf8 32. Ne5 Rxf3 33. gxf3 Bf6 34. Nd3 Re8 35. Kf2 Bg5 36. Re1 Bf6 37. Qc3 Qd7 38. Rh1 Qe7 39. Nf4 Bg5 40. Ng2 Rf8 41. f4 Bf6 42. Ne1 Re8 43. Nf3 Qe4 44. Rd1 Qf5 45. Rh1 Qe4 46. Qd2 Qe7 47. Ne5 Qe6 48. Qd3 Qe7 49. Qg6 Bxe5 50. dxe5 Kf8 51. Rh5 Qe6 52. Qh7 Qg4 53. Qf5+ Qxf5 54. Rxf5+ Ke7 55. Ke2 a5 56. b5 cxb5 57. axb5 a4 58. Kd2 Rc8 59. Rh5 Rc5 60. f5 a3 61. Rh4 Rxb5 62. Ra4 Rb3 63. Ke2 Kd7 64. Kf3 b5 65. Ra7+ Ke8 66. e6 Rb4 67. Rxa3 Ke7 68. Ra7+ Kf8 69. Rf7+ Kg8 70. Rd7 Kf8 71. Rxd5 Rb1 72. Ke4 1-0

[Event "Puhajarve rap op 17th"]
[Site "Puhajarve"]
[Date "2016.11.25"]
[Round "8"]
[White "Khalifman, Alexander"]
[Black "Siemer, Tambet"]
[Result "1/2-1/2"]
[WhiteElo "2617"]
[BlackElo "1960"]
[PlyCount "119"]
[EventDate "2016.11.25"]
[EventType "tourn (rapid)"]
[EventRounds "35"]
[EventCountry "EST"]
[SourceTitle "EXT 2018"]
[Source "ChessBase"]
[SourceDate "2017.10.13"]
[SourceVersion "1"]
[SourceVersionDate "2017.10.13"]
[SourceQuality "1"]

1. d4 d5 2. Nf3 Nf6 3. g3 c6 4. Bg2 e6 5. 0-0 Bd6 6. c4 Nbd7 7. Qc2 0-0 8. Nbd2 Qe7 9. Rd1 Re8 10. e4 dxe4 11. Nxe4 Nxe4 12. Qxe4 e5 13. Bg5 f6 14. Be3 exd4 15. Qxe7 Bxe7 16. Bxd4 Nb6 17. b3 Bf5 18. Be3 Rad8 19. Nd4 Bc8 20. h3 Ba3 21. Nc2 Bb2 22. Rab1 Bc3 23. Nd4 Bb4 24. Ne2 Bf5 25. Rbc1 Ba3 26. Rxd8 Rxd8 27. Re1 Bb4 28. Ra1 Ba3 29. g4 Bc2 30. Re1 Bb4 31. Rc1 Bg6 32. Nf4 Ba3 33. Re1 Bc2 34. Ne6 Re8 35. Nd4 Bg6 36. Nf5 Bxf5 37. gxf5 Rd8 38. Bf3 Kf7 39. Bh5+ g6 40. Bg4 Bb4 41. fxg6+ hxg6 42. Rd1 Rxd1+ 43. Bxd1 Nc8 44. h4 Ke6 45. Kg2 a6 46. h5 gxh5 47. Bxh5 Nd6 48. Kf3 Nf7 49. Ke4 Nd6+ 50. Kd3 f5 51. Bf3 Nf7 52. Be2 Ne5+ 53. Kc2 Ng4 54. Bb6 Ke5 55. f3 Nf6 56. Be3 Nd7 57. Bd3 Nc5 58. f4+ Ke6 59. Be2 Kd6 60. Bxc5+ 1/2-1/2

[Event "Puhajarve rap op 17th"]
[Site "Puhajarve"]
[Date "2016.11.25"]
[Round "3"]
[White "Siemer, Tambet"]
[Black "Petursson, Margeir"]
[Result "1/2-1/2"]
[WhiteElo "1960"]
[BlackElo "2513"]
[PlyCount "127"]
[EventDate "2016.11.25"]
[EventType "tourn (rapid)"]
[EventRounds "35"]
[EventCountry "EST"]
[SourceTitle "EXT 2018"]
[Source "ChessBase"]
[SourceDate "2017.10.13"]
[SourceVersion "1"]
[SourceVersionDate "2017.10.13"]
[SourceQuality "1"]

1. d4 Nf6 2. c4 e6 3. Nf3 Bb4+ 4. Nbd2 0-0 5. g3 b6 6. Bg2 Bb7 7. 0-0 c5 8. dxc5 Bxc5 9. Qc2 Be7 10. b3 d6 11. Bb2 Nbd7 12. Rad1 Qc7 13. Qb1 a6 14. Rfe1 Rac8 15. e4 b5 16. Rc1 Qb8 17. e5 dxe5 18. Nxe5 Bxg2 19. Nxd7 Nxd7 20. Kxg2 Bg5 21. Red1 bxc4 22. Rxc4 Bxd2 23. Rxc8 Rxc8 24. Rxd2 Nb6 25. Qe4 Qa8 26. Qxa8 Rxa8 27. Bd4 Nd5 28. Kf3 f6 29. Rc2 Nb4 30. Re2 e5 31. Bc5 Nd3 32. Ba3 Rc8 33. Rd2 f5 34. Ke3 e4 35. f3 Re8 36. fxe4 fxe4 37. Rc2 Kf7 38. Rc7+ Kg6 39. Rc6+ Kf5 40. Rxa6 Ne1 41. Bb2 Nc2+ 42. Kd2 Nb4 43. Ra5+ Kg4 44. Bxg7 Kf3 45. Rf5+ Kg2 46. a3 e3+ 47. Ke2 Nc2 48. Re5 Rd8 49. Rxe3 Nxe3 50. Kxe3 Ra8 51. Bb2 Kxh2 52. b4 Kxg3 53. b5 h5 54. Kd4 h4 55. Kc4 h3 56. Be5+ Kg2 57. Kb4 Re8 58. Bc7 Re7 59. b6 Re4+ 60. Kc5 Re3 61. Kd4 Rb3 62. a4 Rxb6 63. Bxb6 h2 64. a5 1/2-1/2

[Event "Puhajarve rap op 16th"]
[Site "Puhajarve"]
[Date "2015.11.28"]
[Round "23"]
[White "Huebner, Robert"]
[Black "Siemer, Tambet"]
[Result "1-0"]
[WhiteElo "2588"]
[BlackElo "1960"]
[PlyCount "91"]
[EventDate "2015.11.27"]
[EventType "tourn (rapid)"]
[EventRounds "33"]
[EventCountry "EST"]
[EventCategory "1"]
[SourceTitle "CBM 169 Extra"]
[Source "ChessBase"]
[SourceDate "2015.12.18"]
[SourceVersion "1"]
[SourceVersionDate "2015.12.18"]
[SourceQuality "1"]

1. d4 d5 2. c4 e6 3. Nc3 Nf6 4. Nf3 Be7 5. Bf4 c6 6. e3 0-0 7. Bd3 Nbd7 8. 0-0 Re8 9. Qc2 Nf8 10. Rad1 Ng6 11. Bg3 Bd6 12. e4 Bxg3 13. hxg3 dxe4 14. Nxe4 Nxe4 15. Bxe4 Qc7 16. c5 Bd7 17. Rfe1 Rad8 18. Bxg6 hxg6 19. Ne5 Bc8 20. Nc4 b6 21. Nd6 Re7 22. Qa4 bxc5 23. dxc5 e5 24. b4 Bf5 25. Rd2 f6 26. Red1 Rdd7 27. Qa6 Be6 28. a3 Bb3 29. Re1 Rd8 30. Qd3 Bf7 31. Re4 f5 32. Re1 e4 33. Qc3 Rdd7 34. Red1 Qd8 35. a4 a6 36. b5 axb5 37. axb5 e3 38. fxe3 Bd5 39. b6 Qf8 40. Rxd5 cxd5 41. Qb3 Kh7 42. Qxd5 Rxe3 43. c6 Rde7 44. c7 Qf6 45. c8Q Rxg3 46. Qcg8+ 1-0

[Event "Puhajarve rap op 16th"]
[Site "Puhajarve"]
[Date "2015.11.28"]
[Round "19"]
[White "Shipov, Sergei"]
[Black "Siemer, Tambet"]
[Result "1-0"]
[WhiteElo "2541"]
[BlackElo "1960"]
[PlyCount "81"]
[EventDate "2015.11.27"]
[EventType "tourn (rapid)"]
[EventRounds "33"]
[EventCountry "EST"]
[EventCategory "1"]
[SourceTitle "CBM 169 Extra"]
[Source "ChessBase"]
[SourceDate "2015.12.18"]
[SourceVersion "1"]
[SourceVersionDate "2015.12.18"]
[SourceQuality "1"]

1. d4 d5 2. c4 e6 3. Nc3 Nf6 4. cxd5 exd5 5. Bg5 Be7 6. e3 0-0 7. Bd3 c6 8. Qc2 Nbd7 9. Nf3 Re8 10. Bf4 Nf8 11. h3 Ng6 12. Bg3 Bd6 13. Bxd6 Qxd6 14. 0-0-0 Qe7 15. Kb1 Bd7 16. g4 b5 17. Rhg1 b4 18. Na4 Ne4 19. Bxe4 Qxe4 20. Qxe4 Rxe4 21. Nc5 Re7 22. h4 Be8 23. g5 Rd8 24. Rc1 Rd6 25. Kc2 f6 26. Kb3 a5 27. Ka4 Ra7 28. Rg3 Nf8 29. Nd2 Ne6 30. Ndb3 f5 31. Nxa5 f4 32. Rgg1 Nxc5+ 33. Rxc5 fxe3 34. fxe3 Re6 35. Rg3 Re4 36. Kxb4 Rxh4 37. a4 Rh2 38. b3 Rf2 39. Nxc6 Rb7+ 40. Ka3 Rf1 41. Nb4 1-0

[Event "Puhajarve rap op 16th"]
[Site "Puhajarve"]
[Date "2015.11.27"]
[Round "5"]
[White "Seeman, Tarvo"]
[Black "Siemer, Tambet"]
[Result "1/2-1/2"]
[WhiteElo "2408"]
[BlackElo "1960"]
[PlyCount "112"]
[EventDate "2015.11.27"]
[EventType "tourn (rapid)"]
[EventRounds "33"]
[EventCountry "EST"]
[EventCategory "1"]
[SourceTitle "CBM 169 Extra"]
[Source "ChessBase"]
[SourceDate "2015.12.18"]
[SourceVersion "1"]
[SourceVersionDate "2015.12.18"]
[SourceQuality "1"]

1. Nf3 Nf6 2. g3 d5 3. Bg2 c5 4. 0-0 Nc6 5. d3 e6 6. Nbd2 Be7 7. e4 0-0 8. Re1 Re8 9. e5 Nd7 10. Nf1 Qc7 11. Bf4 b5 12. h4 Bb7 13. h5 Nd4 14. Nxd4 cxd4 15. Nd2 Rec8 16. Rc1 Qa5 17. a3 b4 18. h6 g6 19. Nb3 Qa4 20. axb4 Qxb4 21. Bd2 Qb6 22. Ba5 Qb5 23. Bd2 a5 24. Nxd4 Qc5 25. Nf3 a4 26. Bg5 Bf8 27. d4 Qb6 28. Rb1 Ba6 29. Bf1 Qc7 30. c3 Nb6 31. Bxa6 Rxa6 32. Bc1 Rb8 33. Nd2 Bxh6 34. Ne4 Bg7 35. Nf6+ Kh8 36. Kg2 Nd7 37. Bg5 a3 38. bxa3 Rxb1 39. Qxb1 Bxf6 40. Bxf6+ Kg8 41. Qb4 Rb6 42. Qe7 Qc8 43. a4 Rb7 44. a5 Nxe5 45. Qd8+ Qxd8 46. Bxd8 Nc6 47. Bb6 Rb8 48. Ra1 Ra8 49. Kf3 Kf8 50. Ke3 Ke7 51. Kd3 Kd6 52. c4 f6 53. c5+ Kd7 54. a6 Kc8 55. Kc3 Kd7 56. f3 e5 1/2-1/2

[Event "Puhajarve rap op 16th"]
[Site "Puhajarve"]
[Date "2015.11.27"]
[Round "2"]
[White "Siemer, Tambet"]
[Black "Sepp, Olav"]
[Result "0-1"]
[WhiteElo "1960"]
[BlackElo "2431"]
[PlyCount "73"]
[EventDate "2015.11.27"]
[EventType "tourn (rapid)"]
[EventRounds "33"]
[EventCountry "EST"]
[EventCategory "1"]
[SourceTitle "CBM 169 Extra"]
[Source "ChessBase"]
[SourceDate "2015.12.18"]
[SourceVersion "1"]
[SourceVersionDate "2015.12.18"]
[SourceQuality "1"]

1. Nf3 Nf6 2. g3 g6 3. Bg2 Bg7 4. 0-0 0-0 5. d3 d5 6. Nbd2 b6 7. e4 dxe4 8. dxe4 Bb7 9. Re1 Nfd7 10. Qe2 Nc5 11. e5 Ne6 12. Ne4 Nc6 13. Neg5 Ncd4 14. Qc4 Nxf3+ 15. Nxf3 Qd7 16. Ng5 Bxg2 17. Nxe6 fxe6 18. Kxg2 Rad8 19. Bf4 Qd5+ 20. Qe4 c5 21. c4 Qxe4+ 22. Rxe4 Rd3 23. Bg5 Kf7 24. Rf4+ Ke8 25. Re4 Rf5 26. Bf4 g5 27. Be3 Rxe5 28. Rg4 Rdxe3 29. fxe3 h5 30. Rxg5 Rxg5 31. e4 Bxb2 32. Rd1 Bd4 33. Rf1 h4 34. Kf3 hxg3 35. hxg3 Be5 36. g4 Rg8 37. Rh1 0-1

[Event "Puhajarve rap op 13th"]
[Site "Puhajarve"]
[Date "2012.11.25"]
[Round "26"]
[White "Schuls, Olev"]
[Black "Siemer, Tambet"]
[Result "1/2-1/2"]
[WhiteElo "2224"]
[BlackElo "2046"]
[PlyCount "52"]
[EventDate "2012.11.23"]
[EventType "tourn (rapid)"]
[EventRounds "31"]
[EventCountry "EST"]
[SourceTitle "CBM 151 Extra"]
[Source "ChessBase"]
[SourceDate "2012.12.18"]
[SourceVersion "1"]
[SourceVersionDate "2012.12.18"]
[SourceQuality "1"]

1. e4 c6 2. d4 d5 3. Nd2 dxe4 4. Nxe4 Nf6 5. Nxf6+ exf6 6. c3 Bd6 7. Bd3 0-0 8. Ne2 Re8 9. 0-0 Nd7 10. Qc2 Nf8 11. Ng3 Be6 12. Bd2 Qc7 13. Rfe1 Rad8 14. a3 Ng6 15. Rad1 Qb6 16. Bc1 Bb3 17. Qb1 Bxd1 18. Rxd1 Qc7 19. Qc2 Bf4 20. Bd2 Bxd2 21. Qxd2 Qf4 22. Qc2 Re7 23. Nf5 Red7 24. g3 Qc7 25. Ne3 Re7 26. d5 c5 1/2-1/2

[Event "Puhajarve rap op 13th"]
[Site "Puhajarve"]
[Date "2012.11.23"]
[Round "6"]
[White "Siemer, Tambet"]
[Black "Smith, Axel"]
[Result "1/2-1/2"]
[WhiteElo "2046"]
[BlackElo "2484"]
[PlyCount "130"]
[EventDate "2012.11.23"]
[EventType "tourn (rapid)"]
[EventRounds "31"]
[EventCountry "EST"]
[SourceTitle "CBM 151 Extra"]
[Source "ChessBase"]
[SourceDate "2012.12.18"]
[SourceVersion "1"]
[SourceVersionDate "2012.12.18"]
[SourceQuality "1"]

1. d4 Nf6 2. c4 g6 3. Nc3 d5 4. cxd5 Nxd5 5. e4 Nxc3 6. bxc3 Bg7 7. Bc4 c5 8. Ne2 0-0 9. 0-0 Nc6 10. Be3 Bd7 11. Rb1 Qc7 12. dxc5 Na5 13. Bb3 Rfd8 14. Qc2 e6 15. Rfd1 Bf8 16. Bg5 Re8 17. Qd3 Bc6 18. Bf4 e5 19. Bg5 Bxc5 20. Bd5 Be7 21. Bxe7 Qxe7 22. c4 Rac8 23. Nc3 Kg7 24. h3 Red8 25. Rd2 Rc7 26. Qf3 Nxc4 27. Re2 Nb6 28. Bb3 Rd4 29. Nd5 Nxd5 30. exd5 Bb5 31. Re3 Qd6 32. Rbe1 f6 33. g4 h6 34. Rc3 Rxc3 35. Qxc3 Rd3 36. Qc8 Qd7 37. Qxd7+ Bxd7 38. Rc1 Kf8 39. Rc7 Ke8 40. Rxb7 Rxh3 41. Rxa7 Rd3 42. Ra8+ Ke7 43. Ra7 Kd6 44. Ra6+ Kc5 45. Rxf6 Bxg4 46. Rxg6 h5 47. Kg2 Bf3+ 48. Kh2 Bxd5 49. Bxd5 Kxd5 50. Rg5 Rd2 51. Kg2 h4 52. Rh5 Rxa2 53. Rxh4 Ra8 54. Rb4 Rg8+ 55. Kf3 Rf8+ 56. Ke3 Rh8 57. Rb5+ Ke6 58. Rb6+ Kf5 59. Rb7 Rh3+ 60. Ke2 Kf4 61. Rb4+ e4 62. Rb8 Ra3 63. Rf8+ Ke5 64. Re8+ Kd4 65. Rd8+ Ke5 1/2-1/2

[Event "Puhajarve rap op 12th"]
[Site "Puhajarve"]
[Date "2011.11.25"]
[Round "22"]
[White "Siemer, Tambet"]
[Black "Ehlvest, Jaan"]
[Result "1-0"]
[WhiteElo "2046"]
[BlackElo "2594"]
[PlyCount "116"]
[EventDate "2011.11.25"]
[EventType "tourn (rapid)"]
[EventRounds "29"]
[EventCountry "EST"]
[SourceTitle "CBM 145 Extra"]
[Source "ChessBase"]
[SourceDate "2012.01.03"]
[SourceVersion "1"]
[SourceVersionDate "2012.01.03"]
[SourceQuality "1"]

1. d4 Nf6 2. Nf3 g6 3. g3 Bg7 4. Bg2 0-0 5. 0-0 d6 6. c4 c6 7. Nc3 Qa5 8. d5 cxd5 9. cxd5 b5 10. Nd4 b4 11. Nb3 Qa6 12. Ne4 Nxe4 13. Bxe4 Bh3 14. Re1 Nd7 15. Nd4 Qc4 16. Be3 Nf6 17. b3 Qa6 18. Bf3 Ng4 19. Bxg4 Bxg4 20. Qd2 Qb7 21. Rac1 Qxd5 22. Qxb4 Bh3 23. f3 Rac8 24. Kf2 h5 25. Qb5 Qa8 26. Nc6 Rfe8 27. Nxa7 Rb8 28. Qd3 Rb7 29. Nc6 Qxa2 30. b4 Bf5 31. Qc4 Qxc4 32. Rxc4 d5 33. Rc5 Bd7 34. b5 e6 35. Rb1 Bf8 36. Rcc1 Ra8 37. b6 Bg7 38. f4 Kh7 39. Ne5 Be8 40. Rc7 Rab8 41. Rxb7 Rxb7 42. Nd3 d4 43. Bd2 Bf8 44. Ba5 Bc6 45. Rc1 Bd5 46. Rc7 Bd6 47. Rxb7 Bxb7 48. Ne5 Kg7 49. Nc4 Bc5 50. Ke1 Bd5 51. Ne5 f6 52. Nd7 Bd6 53. Kd2 Kf7 54. Kd3 Ke7 55. Nxf6 Kxf6 56. Kxd4 Bb7 57. e4 e5+ 58. Ke3 Ke6 1-0

[Event "Puhajarve rap op 12th"]
[Site "Puhajarve"]
[Date "2011.11.25"]
[Round "8"]
[White "Siemer, Tambet"]
[Black "Kortschnoj, Viktor Lvovich"]
[Result "0-1"]
[WhiteElo "2046"]
[BlackElo "2567"]
[PlyCount "71"]
[EventDate "2011.11.25"]
[EventType "tourn (rapid)"]
[EventRounds "29"]
[EventCountry "EST"]
[SourceTitle "CBM 145 Extra"]
[Source "ChessBase"]
[SourceDate "2012.01.03"]
[SourceVersion "1"]
[SourceVersionDate "2012.01.03"]
[SourceQuality "1"]

1. d4 Nf6 2. c4 e6 3. Nf3 Bb4+ 4. Nbd2 b6 5. g3 Bb7 6. Bg2 0-0 7. 0-0 Be7 8. Qc2 d5 9. Ne5 c5 10. dxc5 bxc5 11. cxd5 exd5 12. Ndf3 Na6 13. Bd2 Qb6 14. Ng5 Rad8 15. Ng4 g6 16. Ne5 Ne4 17. Nxe4 dxe4 18. Bc3 f6 19. Nc4 Qe6 20. Ne3 Nb4 21. Qa4 Qc6 22. Qb3+ Kg7 23. Rfd1 a5 24. a4 Ba6 25. Nc4 Qe6 26. Nxa5 c4 27. Qa3 Nc2 28. Qa2 Nxa1 29. Rxa1 Rd7 30. Qb1 Rfd8 31. Qc2 Kf7 32. h4 e3 33. f4 Rd2 34. Bxd2 exd2 35. Kf1 Bc5 36. e4 0-1

[Event "Puhajarve rap op 12th"]
[Site "Puhajarve"]
[Date "2011.11.25"]
[Round "20"]
[White "Siemer, Tambet"]
[Black "Miezis, Normunds"]
[Result "1-0"]
[WhiteElo "2046"]
[BlackElo "2547"]
[PlyCount "155"]
[EventDate "2011.11.25"]
[EventType "tourn (rapid)"]
[EventRounds "29"]
[EventCountry "EST"]
[SourceTitle "CBM 145 Extra"]
[Source "ChessBase"]
[SourceDate "2012.01.03"]
[SourceVersion "1"]
[SourceVersionDate "2012.01.03"]
[SourceQuality "1"]

1. d4 Nf6 2. Nf3 c5 3. c3 e6 4. g3 b5 5. Bg2 Bb7 6. 0-0 Na6 7. Bf4 Be7 8. Nbd2 Qb6 9. dxc5 Nxc5 10. Nb3 Na4 11. Qc2 Be4 12. Qd2 0-0 13. Be3 Qb7 14. Nbd4 a6 15. Rfd1 Rac8 16. Ne1 Bxg2 17. Nxg2 Ne4 18. Qc2 d5 19. Rac1 Bf6 20. Nb3 Rfd8 21. Nd2 Nexc3 22. bxc3 Rxc3 23. Qb1 Rdc8 24. Nb3 Qe7 25. Re1 h6 26. Bd2 R3c4 27. Ne3 Nc3 28. Bxc3 Rxc3 29. Rxc3 Bxc3 30. Rd1 a5 31. Rd3 b4 32. Nd1 a4 33. Nxc3 bxc3 34. Nc1 Qc5 35. e3 e5 36. Qc2 Qc4 37. Ne2 d4 38. exd4 exd4 39. Rxd4 Qe6 40. Rd3 Qe4 41. Nxc3 Qe1+ 42. Kg2 Qe6 43. Qd2 Kh7 44. h3 a3 45. Qe3 Qf6 46. Ne4 Qg6 47. Rxa3 f5 48. Nd2 Re8 49. Qd3 Qc6+ 50. Nf3 Re4 51. Ra5 Qe6 52. Qd5 Qxd5 53. Rxd5 Ra4 54. Rxf5 Rxa2 55. h4 Kg6 56. Rf4 Rb2 57. Ne5+ Kh7 58. Ng4 Rb5 59. Ne3 Kg6 60. Kf3 Ra5 61. g4 Rb5 62. h5+ Kh7 63. Rf7 Kg8 64. Ra7 Rc5 65. Nf5 Rc3+ 66. Kg2 Rc4 67. Rxg7+ Kf8 68. Rg6 Kf7 69. Nxh6+ Kf8 70. Kg3 Rc1 71. Nf5 Kf7 72. Kf4 Rf1 73. f3 Rf2 74. Ra6 Ke8 75. Ra7 Kd8 76. h6 Rh2 77. h7 Kc8 78. Ra8+ 1-0